000 00558nam a2200193Ii 4500
003 JO-AjNU
008 230605s9999||||xx |||||||||||||| ||und||
040 _aJO-AjNU
_bara
_erda
_cJO-AjNU
041 _aara
050 1 4 _aPJ7828.A15 1900
100 3 _aتأليف الهباهبة،طه,
_eauthor
_910022
245 0 0 _aالحوت وقصص أخرى..
264 3 1 _aد.ن
300 _a146ص
336 _atext
_btxt
_2rdacontent
337 _aunmediated
_bn
_2rdamedia
338 _avolume
_bnc
_2rdacarrier
650 4 _aالأدب العربي - قصص
_910023
999 _aA1597
_c5165
_d5165